| 000 | 02361nam0a2200433 4500 | ||
|---|---|---|---|
| 001 | RU\NLR\bibl\960538 | ||
| 005 | 20260406161458.0 | ||
| 010 |
_a5-89222-080-5 _9300 |
||
| 021 |
_aRU _b2006-24659 _91229 |
||
| 035 | _a(nilc)RSL-KNO-002879069 | ||
| 035 | _a(NLR Aleph) 000948574 | ||
| 090 |
_a265138 _c265138 |
||
| 100 | _a20060511d2005 |||y0rusy50 ca | ||
| 101 | 0 | _arus | |
| 102 | _aRU | ||
| 105 | _aa ||||||||| | ||
| 106 | _ar | ||
| 200 | 1 |
_aИммунологическая загадка беременности _f[Н.Ю. Сотникова, Ю.С. Анциферова, А.В. Кудряшова и др. _gпод ред. Н.Ю. Сотниковой] _gФГУ "Иван. НИИ материнства и детства им. В.Н. Городкова Федер. агентства по здравоохранению и социал. развитию", Федер. агентство по здравоохранению и социал. развитию |
|
| 210 |
_aИваново _cИзд-во МИК _d2005 |
||
| 215 |
_a275 с. _cил., цв. ил., табл. _d25 |
||
| 300 | _aАвт. указаны на обороте тит. л. | ||
| 320 | _aБиблиогр. в конце гл. | ||
| 606 | 1 |
_aБеременность _xИммунология _91123806 _3RU\NLR\auth\66125887 |
|
| 610 | 0 | _aЗдравоохранение. Медицинские науки -- Акушерство -- Патологическое акушерство -- Патология беременности -- Патология плодного яйца и плода -- Иммунопатология беременности | |
| 610 | 0 | _aиммунология беременности | |
| 686 |
_aР716.212.271,0 _2rubbk |
||
| 686 | _aР716.111.9 | ||
| 701 | 1 |
_aСотникова _bН. Ю. _4070 |
|
| 701 | 1 |
_aАнциферова _bЮ. С. _gЮлия Станиславовна _4070 |
|
| 701 | 1 |
_aКудряшова _bА. В. _4070 |
|
| 712 | 0 | 2 |
_4570 _aИвановский НИИ материнства и детства им. В. Н. Городкова _3RU\NLR\AUTH\889932819 _9360881 |
| 801 | 0 |
_aRU _bРКП _c20060511 _grcr |
|
| 801 | 1 |
_aRU _bРГБ _c20060511 |
|
| 801 | 2 |
_aRU _bNLR _c20060620 _grcr |
|
| 830 | _a2-й авт. по ГАК 1-го и 3-го не раскрыть | ||
| 942 | _cBOOK | ||
| 980 | _aNB | ||
| 980 | _aNBR | ||